Administración de recursos humanos (Registro nro. 791)

Detalles MARC
000 -LEADER
fixed length control field 01538 a2200229 4500
001 - CONTROL NUMBER
control field 21242
005 - DATE AND TIME OF LATEST TRANSACTION
control field 20260407155503.0
008 - FIXED-LENGTH DATA ELEMENTS--GENERAL INFORMATION
fixed length control field 260407a2010 arg spa d
003 - CONTROL NUMBER IDENTIFIER
control field AR-UNSa-BCEJYS
040 ## - CATALOGING SOURCE
Original cataloging agency AR-UNSa-BCEJYS
Language of cataloging spa
Transcribing agency AR-UNSa-BCEJYS
080 ## - UNIVERSAL DECIMAL CLASSIFICATION NUMBER
Universal Decimal Classification number 658.3
Common auxiliary subdivision Personal. Relaciones humanas en la empresa (Recursos Humanos)
020 ## - INTERNATIONAL STANDARD BOOK NUMBER
International Standard Book Number 978-607-32-0203-9
100 1# - MAIN ENTRY--PERSONAL NAME
Personal name Mondy, R. Wayne
245 10 - TITLE STATEMENT
Title Administración de recursos humanos
250 ## - EDITION STATEMENT
Edition statement 11a. ed.
264 #1 - PRODUCTION, PUBLICATION, DISTRIBUTION, MANUFACTURE, AND COPYRIGHT NOTICE
Place of production, publication, distribution, manufacture México :
Name of producer, publisher, distributor, manufacturer Pearson Educación
Date of production, publication, distribution, manufacture, or copyright notice 2010
300 ## - PHYSICAL DESCRIPTION
Extent xix, 491 p.
Dimensions 27 cm.
505 ## - FORMATTED CONTENTS NOTE
Formatted contents note 1. Administración estratégica de los recursos humanos: una perspectiva general - 2. Etica empresarial y responsabilidad social corporativa - 3. Diversidad de la fuerza de trabajo, oportunidades equitativas en el empleo y acción afirmativa - 4. Análisis de puestos, planeación estratégica y planeación de recursos - 5. Reclutamiento - 6. Selección - 7. Capacitación y desarrollo - 8. Administración y evaluación del desempeño - 9. Remuneración financiera directa - 10. Prestaciones, remuneración no financiera y otros aspectos de la renumeración - 11. Un ambiente laboral seguro y saludable - 12. Sindicatos laborales y negociaciones colectiva - 13. Relaciones internas con los empleados - 14. Administración global de recursos humanos
590 ## - LOCAL NOTE (RLIN)
Local note niveau_biblio:m niveau_hierar:0
856 41 - ELECTRONIC LOCATION AND ACCESS
Uniform Resource Identifier <a href="https://biblioeco.unsa.edu.ar/pmb/images/libros/Administraci?n de recursos humanos Mondy, R. Wayne (2010).jpg">https://biblioeco.unsa.edu.ar/pmb/images/libros/Administraci?n de recursos humanos Mondy, R. Wayne (2010).jpg</a>
Link text Imagen de portada
Electronic format type image/jpeg
942 ## - ADDED ENTRY ELEMENTS (KOHA)
Koha item type
Existencias
Withdrawn status Lost status Damaged status Not for loan Home library Current library Shelving location Date acquired Total checkouts Full call number Barcode Date last seen Price effective from Koha item type Public note
        Biblioteca Prof. Eusebio Cleto del Rey Biblioteca Prof. Eusebio Cleto del Rey   07/04/2026   658.3 M741 11ed. L119291 07/04/2026 07/04/2026 Libro  
        Biblioteca Prof. Eusebio Cleto del Rey Biblioteca Prof. Eusebio Cleto del Rey   07/04/2026   658.3 M741 11ed. L119292 07/04/2026 07/04/2026 Libro  
        Biblioteca Prof. Eusebio Cleto del Rey Biblioteca Prof. Eusebio Cleto del Rey   07/04/2026   658.3 M741 11ed. L119293 07/04/2026 07/04/2026 Libro PARTIDO EN PRIMERA PÁGINA